| 000 | 01604nas a2200445 i 4500 | ||
|---|---|---|---|
| 001 | 196126 | ||
| 003 | ES-MaACL | ||
| 005 | 20260520151522.0 | ||
| 007 | ta | ||
| 008 | 240813c19809999sp qr p 0uuub0spa | ||
| 010 |
_ac _b1 |
||
| 016 | 7 |
_abiseBNE19970126122 _2SpMaBN _zREB1996015978 |
|
| 017 |
_aM 15489-1975 _bOficina Depósito Legal Madrid |
||
| 022 | 0 | _a0214-4867 | |
| 035 | _a(OCoLC)436671117 | ||
| 035 | _a(SpMaBN)bise0000061901 | ||
| 035 | _a991030593089708606 | ||
| 037 | _bVillanueva, 11, 28001; tf. 914312560, fax 915763905; c.e.:aefla@redfarma.org | ||
| 040 |
_aSpMaBN _bspa _cSIC _dES-MaACL |
||
| 080 | _a615 | ||
| 210 | 0 | _aPliegos rebot. | |
| 222 | 0 | _aPliegos de rebotica | |
| 245 | 0 | 0 |
_aPliegos de rebotica / _cAsociación española de Farmacéuticos de Letras y Artes. |
| 260 |
_aMadrid : _bConsejo General de Colegios Oficiales de Farmacéuticos, _c1980- |
||
| 300 |
_av. ; _c28 cm |
||
| 310 | _aTrimestral | ||
| 336 |
_2rdacontent _atexto |
||
| 337 |
_2rdamedia _asin mediación |
||
| 338 |
_2rdacarrier _avolumen |
||
| 362 | 0 | _a2. época, n. 1 (en. 1980)- | |
| 588 | _aDescripción basada en: n. 152 (en.-marzo 2023) | ||
| 650 | 0 | 4 |
_912716 _aFarmacéuticos- _zEspaña |
| 655 | 7 |
_9226866 _aRevistas |
|
| 710 | 2 |
_9161025 _aAsociación Española de Farmacéuticos de Letras y Artes |
|
| 852 |
_aES-MaACL _cHEM _jHEM-1821 _hDonación: Editorial _zRevista viva _zCasilleto actual: Cº 36 _9203952 |
||
| 866 | _o2023-2024-2025-2026- | ||
| 942 |
_2udc _n0 _cPERIODICA |
||
| 955 | _bVerónica Torres Díaz | ||
| 999 |
_c196126 _d196126 |
||